| 000 | 00709nam a2200241Ia 4500 | ||
|---|---|---|---|
| 003 | OSt | ||
| 005 | 20220925224831.0 | ||
| 006 | a|||||r|||| 00| 0 | ||
| 007 | ta | ||
| 008 | 220923b |||||||| |||| 00| 0 eng d | ||
| 020 | _a0 7100 7338 0 | ||
| 037 | _cGeneral Book | ||
| 040 |
_aRTL _cRTL _beng |
||
| 041 |
_2eng _aeng |
||
| 082 | _aDelta :87, L2 | ||
| 100 |
_aMuss Marcel _9291512 |
||
| 245 | 0 | _aGeneral theory of magic Tr from the French by Robert Brain | |
| 260 |
_aLondon _bRoutledge and Kegan Paul UK _c1972 |
||
| 300 |
_a148p. _ccm. |
||
| 650 |
_aSpiritual Experience and Mysticism _9235713 |
||
| 942 |
_hDelta :87, L2 _cGB _2CC |
||
| 999 |
_c582313 _d582313 |
||